000 01257nam a2200301Ia 4500
001 ebr10715328
003 CaPaEBR
006 m o u
007 cr cn|||||||||
008 130608s2013 njua sb 001 0 eng d
020 _z9781118686270
020 _z9781118756515 (ebook)
040 _aCaPaEBR
_cCaPaEBR
035 _a(OCoLC)846851825
050 1 4 _aGC1085
_b.A43 2013eb
100 1 _aAlbright, Richard D.
245 1 0 _aDeath of the Chesapeake
_h[electronic resource] :
_ba history of the military's role in polluting the bay /
_cRichard D. Albright.
260 _aHoboken, NJ :
_bWiley,
_cc2013.
300 _axxiii, 201 p. :
_bill.
504 _aIncludes bibliographical references and index.
533 _aElectronic reproduction.
_bPalo Alto, Calif. :
_cebrary,
_d2013.
_nAvailable via World Wide Web.
_nAccess may be limited to ebrary affiliated libraries.
650 0 _aMarine pollution
_zChesapeake Bay (Md. and Va.)
650 0 _aOceanography
_xResearch
_zChesapeake Bay (Md. and Va.)
651 0 _aChesapeake Bay (Md. and Va.)
655 7 _aElectronic books.
_2local
710 2 _aebrary, Inc.
856 4 0 _uhttp://site.ebrary.com/lib/rucke/Doc?id=10715328
_zAn electronic book accessible through the World Wide Web; click to view
999 _c40849
_d40849